000 00901nam a2200289 a 4500
008
020 _a1861521588 (pbk.)
049 _aMAIN
090 _aHD1375
_bECC
100 1 _aEccles, Timothy.
245 1 0 _aProperty and construction economics /
_cTimothy Eccles, Sarah Sayce and Judy Smith.
260 _aLondon :
_bInternational Thomson Business Press,
_c1999.
300 _ax, 202 p. :
_bill. ;
_c25 cm.
500 _aIncludes index.
504 _aIncludes bibliographical references.
650 0 _aReal estate development
_xEconomic aspects.
650 0 _aConstruction industry.
650 0 _aLand use
_xEconomic aspects.
650 0 _aEconomics.
700 1 _aSayce, Sarah.
700 1 _aSmith, Judy.
907 _a.b10320805
_b26-09-13
_c15-10-12
003
005 20230123125458.0
040 _cNUST
942 _cBOOKS
_kHD1375
_mECC
999 _c142221
_d142221